000 00779cam a22002531 4500
001 18647
003 BD-RjUL
005 20211209000320.0
008 140222s1952 enkcj 000 0 eng
035 _a(BD-RjUL)18705
035 _a(OCoLC)356377
040 _aDLC
_cODaWU
_dOCoLC
_dOYU
_dDLC
_dBD-RjUL
_beng
041 _aeng
082 0 0 _a822.33
_bSHS 1952
100 1 _aShakespeare, William,
_d1564-1616.
_957435
245 1 4 _aThe second part of King Henry VI /
_cWilliam Shakespeare.
260 _aCambridge :
_bUniversity Press,
_c1952.
300 _aliv, 221 p. :
_bport., geneal. table. ;
_c18 cm.
490 0 _aThe works of Shakespeare
600 0 0 _aHenry
_cKing of England,
_d1421-1471
_957440
942 _2ddc
_cBK
999 _c18647
_d18647